| 000 | 01148nam a2200313 i 4500 | ||
|---|---|---|---|
| 003 | EG-GICUC | ||
| 005 | 20260423124550.0 | ||
| 008 | 260423s1950 |||fr|||| 00| 0 d | ||
| 040 |
_aEG-GiCUC _bger _cEG-GiCUC _dEG-GiCUC _erda |
||
| 041 | _ager | ||
| 082 | 0 | 4 |
_221 _a343.3 _bEN . V |
| 092 | 0 | 4 | _221 |
| 099 | _aLaw1 10 343.3 EN . V 1950 | ||
| 100 | 1 |
_aEngisch, Karl _eAuthor. |
|
| 245 | 1 | 0 |
_aVom Weltbild des Juristen / _cKarl Engisch. |
| 264 | 1 |
_aHeidelberg : _bC. Winter, _c1950. |
|
| 300 |
_a162 pages ; _c24 cm |
||
| 336 |
_2rda content _atext |
||
| 337 |
_2rda media _aComputer |
||
| 338 |
_2rda carrier _aOnline Resource |
||
| 490 | 1 | _aAbhandlugen der Heidelberger Akademie der Wissenschaften. Philosophisch-historische Klasse, Jahrg. 1950, 2. Abhandlung | |
| 546 | _a Text in German | ||
| 650 | 1 | 4 |
_aGesetz, um die notwendigen Maßnahmen zu ergreifen _2qrmak |
| 651 | 1 | _2qrmak | |
| 830 | 0 | _aAbhandlugen der Heidelberger Akademie der Wissenschaften. Philosophisch-historische Klasse, Jahrg. 1950, 2. Abhandlung | |
| 856 | 4 | 0 | _uhttps://fll.law.cu.edu.eg/fulltext/bks/B10-11188.pdf |
| 905 | _a161 | ||
| 942 |
_2ddc _cBK _e21 _n0 |
||
| 999 |
_c73055 _d73055 |
||